Manažéri v MaSP a ich emocionálne schopnosti

Emocionálna inteligencia ako významná súčasť kompetentnosti manažéra. Analýza úrovne emocionálnej inteligencie manažérov podľa Golemanových zložiek emocionálnej inteligencie.

Na minha lista:
Detalhes bibliográficos
Autor principal: Minárová, Martina
Formato: Capítulo de Livro
Idioma:eslovaco
Assuntos:
Tags: Adicionar Tag
Sem tags, seja o primeiro a adicionar uma tag!

MARC

LEADER 00000naa a2200000 4500
001 0207180
005 20220322114623.6
041 0 |a slo 
044 |a SK 
245 1 0 |a Manažéri v MaSP a ich emocionálne schopnosti  |c Martina Minárová 
520 |a Emocionálna inteligencia ako významná súčasť kompetentnosti manažéra. Analýza úrovne emocionálnej inteligencie manažérov podľa Golemanových zložiek emocionálnej inteligencie. 
610 2 0 |a podnik malý 
610 2 0 |a podnik stredný 
610 2 0 |a manažéri 
610 2 0 |a inteligencia emocionálna 
100 1 |a Minárová, Martina